[Event "Gibraltar Masters"]
[Site "Caleta ENG"]
[Date "2011.01.29"]
[Round "5.90"]
[White "Tari, Aryan"]
[Black "Gholami, Armin"]
[Result "1-0"]
[WhiteElo "2097"]
[BlackElo "1779"]
[WhiteFideId "1510045"]
[BlackFideId "1510487"]
[EventDate "2011.01.25"]
[EventType "swiss"]

1. e4 e6 2. d4 d5 3. Nc3 Nf6 4. e5 Nfd7 5. f4 c5 6. Nf3 Nc6 7. Be3 a6 8. Qd2 b5
9. dxc5 Bxc5 10. Bxc5 Nxc5 11. Qf2 Qb6 12. Bd3 b4 13. Ne2 a5 14. O-O Rb8 15. Kh1
h6 16. Qg3 O-O 17. Rad1 Nxd3 18. cxd3 f6 19. exf6 Rxf6 20. Ne5 Ne7 21. Rc1 Nf5
22. Qh3 Qd6 23. g4 Ne7 24. Nd4 Ba6 25. Ndc6 Rbf8 26. Nxe7+ Qxe7 27. Rfe1 Qa7 28.
g5 Rxf4 29. Qxe6+ 1-0

[Event "Gibraltar Masters"]
[Site "Caleta ENG"]
[Date "2011.01.29"]
[Round "5.91"]
[White "Bous, Florian"]
[Black "Neumanova, Monika"]
[Result "1-0"]
[WhiteElo "2088"]
[BlackElo "1712"]
[WhiteFideId "4660412"]
[BlackFideId "323918"]
[EventDate "2011.01.25"]
[EventType "swiss"]

1. d4 Nf6 2. c4 e6 3. Nf3 d5 4. Nc3 c5 5. cxd5 Nxd5 6. e4 Nxc3 7. bxc3 cxd4 8.
cxd4 Bb4+ 9. Bd2 Bxd2+ 10. Qxd2 O-O 11. Bc4 a6 12. a4 Re8 13. O-O b6 14. Rab1
Nc6 15. Qd3 Re7 16. Rb2 a5 17. d5 Rd7 18. Qb3 exd5 19. Bxd5 Rc7 20. Ne5 Nxe5 21.
Bxa8 Ba6 22. Rd1 Qxa8 23. Qxb6 Rc8 24. Rbd2 Bd3 25. Qd4 Qb8 26. f4 Rc4 27. Qxe5
Qb6+ 28. Kh1 1-0

[Event "Gibraltar Masters"]
[Site "Caleta ENG"]
[Date "2011.01.29"]
[Round "5.92"]
[White "Boesch, Heinz"]
[Black "Schweizer, Manfred"]
[Result "1-0"]
[WhiteElo "1899"]
[BlackElo "2075"]
[WhiteFideId "4673824"]
[BlackFideId "4613317"]
[EventDate "2011.01.25"]
[EventType "swiss"]

1. c4 Nf6 2. Nc3 g6 3. g3 Bg7 4. Bg2 d6 5. e3 e5 6. Nge2 c6 7. O-O O-O 8. b3 Nh5
9. d4 f5 10. dxe5 dxe5 11. Ba3 Re8 12. Qxd8 Rxd8 13. Rad1 Bf6 14. Rxd8+ Bxd8 15.
Rd1 Bf6 16. g4 Ng7 17. f4 exf4 18. exf4 g5 19. gxf5 Bxf5 20. Ne4 Nd7 21. Rxd7 1-0

[Event "Gibraltar Masters"]
[Site "Caleta ENG"]
[Date "2011.01.29"]
[Round "5.93"]
[White "Fairbairn, Stephen"]
[Black "Kuenitz, Klaus"]
[Result "1/2-1/2"]
[WhiteElo "2058"]
[BlackElo "1695"]
[WhiteFideId "2603985"]
[BlackFideId "4640713"]
[EventDate "2011.01.25"]
[EventType "swiss"]

1. c4 f5 2. g3 Nf6 3. Bg2 e5 4. d4 exd4 5. Qxd4 Nc6 6. Qd1 g6 7. Nc3 Bg7 8. Nf3
O-O 9. h4 d6 10. Bg5 h6 11. Bf4 Be6 12. Nd5 Ne4 13. Qc1 Kh7 14. Be3 Bf7 15. Ng5+
hxg5 16. Bxe4 fxe4 17. Bxg5 Qd7 18. h5 Bxd5 19. hxg6+ Kxg6 20. cxd5 Ne5 21. Qe3
Qf5 22. Bf4 Ng4 23. Qb3 b6 24. Rc1 Rac8 25. Qa3 a5 26. Rxc7 Rxc7 27. Qxd6+ Nf6
28. Qxc7 Rc8 29. Qxb6 e3 30. O-O exf2+ 31. Rxf2 Qxd5 32. Qa6 Qd1+ 33. Rf1 Qd4+
34. Kg2 Qe4+ 35. Kf2 Rc2 36. Qb5 Rxb2 37. Qg5+ Kh7 38. Re1 Rxa2 39. Kg1 a4 40.
Be5 Qg6 41. Qh4+ Kg8 42. Qc4+ Qf7 43. Qc8+ Kh7 44. Bxf6 Qxf6 45. Kg2 Rd2 46.
Rh1+ Bh6 47. Qb7+ Kg8 48. Qc8+ Bf8 49. Qg4+ Bg7 50. Qc4+ Qf7 51. Qc8+ Bf8 52.
Qg4+ Bg7 53. Qc8+ 1/2-1/2

[Event "Gibraltar Masters"]
[Site "Caleta ENG"]
[Date "2011.01.29"]
[Round "5.95"]
[White "Perez Reisler, Jose"]
[Black "Avalos Parra, Joao"]
[Result "0-1"]
[BlackTitle "FM"]
[WhiteElo "1893"]
[BlackElo "2252"]
[WhiteFideId "3100820"]
[BlackFideId "3402541"]
[EventDate "2011.01.25"]
[EventType "swiss"]

1. c4 b6 2. e4 c5 3. g3 Bb7 4. Bg2 g6 5. Ne2 Bg7 6. O-O e6 7. Nbc3 Ne7 8. f4 d6
9. d3 Nbc6 10. g4 Nd4 11. Ng3 Qd7 12. a4 Nec6 13. f5 Be5 14. fxe6 fxe6 15. Bf4
O-O-O 16. Nb5 h5 17. Bxe5 dxe5 18. Rf6 a6 19. Nc3 h4 20. Nf1 h3 21. Bh1 Rdf8 22.
Rxf8+ Rxf8 23. Ne3 Nb4 24. g5 Ndc2 25. Ncd5 exd5 26. Nxc2 Nxc2 27. Bf3 Rxf3 28.
Qxf3 Nxa1 0-1

[Event "Gibraltar Masters"]
[Site "Caleta ENG"]
[Date "2011.01.29"]
[Round "5.96"]
[White "Zaky, Tamir"]
[Black "Byron, Alan M"]
[Result "0-1"]
[WhiteElo "1861"]
[BlackElo "2192"]
[WhiteFideId "651451"]
[BlackFideId "401773"]
[EventDate "2011.01.25"]
[EventType "swiss"]

1. e4 c6 2. d4 d5 3. exd5 cxd5 4. Nf3 Nf6 5. Ne5 g6 6. Bd3 Bg7 7. O-O O-O 8. f4
Nc6 9. c3 Bf5 10. Bxf5 gxf5 11. Nd2 Ne8 12. Qh5 f6 13. Nd3 Nd6 14. Nc5 Qe8 15.
Qxe8 Rfxe8 16. Ne6 Rac8 17. Nf3 b6 18. Bd2 Bh8 19. Rae1 Kf7 20. Nh4 Ne4 21. Rxe4
fxe4 22. f5 Bg7 23. Rf4 Rg8 24. Rf2 Ke8 25. g3 Kd7 26. Ng2 Nd8 27. Ngf4 Nxe6 28.
Nxe6 Rc6 29. Nf4 Rd6 30. Re2 Bh6 31. Ne6 Bxd2 32. Rxd2 Rxe6 33. fxe6+ Kxe6 34.
Rf2 h5 35. Kg2 Rg5 36. Kf1 Rg4 37. Ke2 h4 38. gxh4 Rxh4 39. Ke3 b5 40. Rg2 f5
41. a4 f4+ 42. Kf2 bxa4 43. Kg1 Kf5 44. c4 dxc4 45. Rc2 e3 46. Rxc4 f3 47. Rc5+
Ke4 48. Re5+ Kd3 0-1

[Event "Gibraltar Masters"]
[Site "Caleta ENG"]
[Date "2011.01.29"]
[Round "5.97"]
[White "Freuler, Roman"]
[Black "Birkestrand, Odd"]
[Result "1-0"]
[WhiteElo "2092"]
[BlackElo "1894"]
[WhiteFideId "1304283"]
[BlackFideId "1505548"]
[EventDate "2011.01.25"]
[EventType "swiss"]

1. e4 e5 2. Nf3 Nc6 3. d4 exd4 4. Nxd4 Qh4 5. Nb5 Qxe4+ 6. Be2 Kd8 7. O-O Nf6 8.
N1c3 Qe6 9. Bg5 Be7 10. Re1 a6 11. Bd3 Qg4 12. Bxf6 Qxd1 13. Bxe7+ Nxe7 14.
Raxd1 axb5 15. Bxb5 c6 16. Bc4 d5 17. Bd3 Be6 18. a3 h6 19. Ne2 Bd7 20. Ng3 g6
21. c4 Be6 22. Ne2 Kc7 23. Nf4 Kd6 24. Rd2 Rhe8 25. f3 Nf5 26. cxd5 cxd5 27.
Bxf5 gxf5 28. Kf2 Rec8 29. Ne2 Rc5 30. f4 Rac8 31. Nd4 Kd7 32. g3 Re8 33. Ke3
Kd6 34. Kd3 Rec8 35. Rc2 Rxc2 36. Nxc2 Ke7 37. Nd4 Kf6 38. Re2 Bd7 39. Rc2 Rxc2
40. Nxc2 Ke6 41. Kd4 Kd6 42. Ne3 Be6 43. a4 h5 44. Nd1 f6 45. Nc3 Kc6 46. b4 b6
47. a5 bxa5 48. bxa5 Kd6 49. a6 Bc8 50. Nb5+ Kd7 51. a7 Bb7 52. Kc5 Ba8 53. Nc3
d4 54. Kxd4 Kc6 55. Nd5 Kb7 56. Nxf6 Kxa7 57. Nxh5 Kb8 58. Ke5 Be4 59. Ng7 Kc8
60. Nxf5 Bf3 61. Kf6 Kd8 62. Ng7 Bg4 63. h4 1-0

[Event "Gibraltar Masters"]
[Site "Caleta ENG"]
[Date "2011.01.29"]
[Round "5.98"]
[White "Reid, Vaness"]
[Black "Henderikse, Bert"]
[Result "1/2-1/2"]
[WhiteTitle "WFM"]
[WhiteElo "1841"]
[BlackElo "2058"]
[WhiteFideId "3205835"]
[BlackFideId "1012266"]
[EventDate "2011.01.25"]
[EventType "swiss"]

1. d4 f5 2. g3 Nf6 3. Bg2 e6 4. c3 Be7 5. Nd2 d5 6. Ndf3 O-O 7. Nh3 c5 8. O-O
Nc6 9. Nf4 Qe8 10. Nd3 b6 11. Re1 Bd7 12. b3 cxd4 13. cxd4 Rc8 14. Bg5 Ba3 15.
Bc1 Bd6 16. Bb2 Nb4 17. Nxb4 Bxb4 18. Rf1 Bb5 19. a3 Bd6 20. Ne5 Nd7 21. Qd2
Nxe5 22. dxe5 Be7 23. Rfc1 Qd7 24. Rxc8 Rxc8 25. Rc1 Rc7 26. e3 Qc8 27. Rxc7
Qxc7 28. Qd1 g6 29. Bxd5 Kf7 30. Bg2 Ba6 31. e4 fxe4 32. Bxe4 Kg7 33. Qg4 Qd7
34. Bc1 Qb5 35. Qd1 Qxe5 36. Qc2 Bf6 37. a4 Qc3 38. Qxc3 Bxc3 39. Bf4 Be2 40.
Bc2 Bf3 41. Bb8 a5 42. Bc7 Bd4 43. Kf1 Kf7 44. Bd6 Ke8 45. Bd3 Kd7 46. Ba3 Kc6
47. Be2 Bd5 48. Bb5+ Kc7 49. b4 Bc3 50. bxa5 bxa5 51. Ke2 Bd4 52. f4 Be4 53. Bc1
Kd6 54. Be3 e5 55. fxe5+ Kxe5 56. Bd2 Bb6 57. Bc3+ Kd5 58. Bd2 Ke5 59. Bf4+ Kd5
60. Bd2 Bc2 61. g4 Bb3 62. Be8 Ke4 63. Bc6+ Ke5 64. Bc3+ Kf4 65. Bd7 Bd5 66.
Bd2+ Ke5 67. h4 Ke4 68. Bb5 Be6 69. Bc6+ Ke5 70. Kf3 Bd8 71. h5 Bb3 72. hxg6
hxg6 73. Kg3 Kd4 74. Be8 Bc7+ 75. Bf4 1/2-1/2

[Event "Gibraltar Masters"]
[Site "Caleta ENG"]
[Date "2011.01.29"]
[Round "5.99"]
[White "Wilson, Alexandra"]
[Black "Jorgensen, Line Jin"]
[Result "1-0"]
[WhiteTitle "WFM"]
[WhiteElo "2037"]
[BlackElo "1892"]
[WhiteFideId "411000"]
[BlackFideId "1505467"]
[EventDate "2011.01.25"]
[EventType "swiss"]

1. e4 c5 2. Nc3 e6 3. f4 d5 4. Nf3 dxe4 5. Nxe4 Be7 6. Bb5+ Bd7 7. Bxd7+ Nxd7 8.
O-O Ngf6 9. d3 O-O 10. Qe1 Qc7 11. b3 Nd5 12. Nfg5 h6 13. Nf3 f5 14. Neg5 hxg5
15. Qxe6+ Kh8 16. Qxd5 Bf6 17. Nxg5 Bxa1 18. Rf3 Bd4+ 19. Kf1 g6 20. Rh3+ Kg7
21. Rh7+ Kf6 22. Qe6# 1-0

[Event "Gibraltar Masters"]
[Site "Caleta ENG"]
[Date "2011.01.29"]
[Round "5.100"]
[White "Khachatourian, Yerazik"]
[Black "Bishop, Peter"]
[Result "1-0"]
[WhiteElo "1996"]
[BlackElo "1784"]
[WhiteFideId "12501948"]
[BlackFideId "613053"]
[EventDate "2011.01.25"]
[EventType "swiss"]

1. e4 e5 2. Bc4 Nf6 3. d3 Be7 4. f4 d6 5. Nf3 Nc6 6. c3 Bd7 7. Bb3 Ng4 8. O-O
exf4 9. Bxf4 O-O 10. Nbd2 Nge5 11. Qe2 Ng6 12. Bg3 a5 13. a4 Bf6 14. d4 Ra6 15.
Rae1 Rb6 16. Qd1 Qc8 17. Nc4 Ra6 18. Qc2 Nd8 19. h4 h5 20. Ne3 Bg4 21. Nd5 Re8
22. Bc4 Rb6 23. Nxb6 cxb6 24. Qb3 Bxf3 25. Rxf3 Qg4 26. Qxb6 Nxh4 27. Bxh4 Qxh4
28. Ref1 Rxe4 29. Rxf6 1-0

[Event "Gibraltar Masters"]
[Site "Caleta ENG"]
[Date "2011.01.29"]
[Round "5.100"]
[White "Lochte, Szilvia"]
[Black "Winkler, Stefan1"]
[Result "0-1"]
[WhiteElo "2015"]
[BlackElo "1867"]
[WhiteFideId "708410"]
[BlackFideId "4698142"]
[EventDate "2011.01.25"]
[EventType "swiss"]

1. e4 e6 2. Qe2 c5 3. Nc3 Nc6 4. Nf3 Nge7 5. g3 g6 6. d4 cxd4 7. Nb5 d6 8. Nbxd4
Bg7 9. c3 O-O 10. Bg2 e5 11. Nb3 a5 12. O-O a4 13. Nbd2 b5 14. Rd1 Ba6 15. Nf1
Qc7 16. Be3 Rfd8 17. Qc2 d5 18. exd5 Nxd5 19. Ng5 Nxe3 20. Nxe3 Rac8 21. Bd5 Rd7
22. Qe4 Bb7 23. c4 b4 24. Qh4 h6 25. Ne4 Nd4 26. Nf6+ Kh8 27. Nxd7 Bxd5 28. Rxd4
exd4 29. Nxd5 Qxd7 30. b3 Re8 31. Nxb4 d3 32. Rd1 d2 33. Kf1 Bc3 34. Nc2 Qd3+ 0-1

[Event "Gibraltar Masters"]
[Site "Caleta ENG"]
[Date "2011.01.29"]
[Round "5.102"]
[White "Siddiqui, Nida Mishraz"]
[Black "Sigamoney, Cyril S"]
[Result "0-1"]
[WhiteElo "1738"]
[BlackElo "1978"]
[WhiteFideId "7800495"]
[BlackFideId "2055287"]
[EventDate "2011.01.25"]
[EventType "swiss"]

1. e4 c6 2. d4 d5 3. Nc3 dxe4 4. Nxe4 Nd7 5. Nf3 Ngf6 6. Nxf6+ Nxf6 7. Bd3 Bg4
8. Bf4 Bxf3 9. Qxf3 Qxd4 10. O-O-O e6 11. Kb1 Qb6 12. Be5 Be7 13. Qg3 g6 14. Qf3
Nd5 15. Bxh8 f6 16. Bc4 Kf7 17. Bxd5 cxd5 18. Bxf6 Bxf6 19. c3 Rc8 20. Ka1 Kg7
21. Qe3 Qa6 22. Rhe1 Rc6 23. Re2 Qa5 24. Rc2 d4 25. Qd3 dxc3 26. Rxc3 Rxc3 27.
Qd7+ Kh6 28. Qd2+ Qg5 29. f4 Qd5 0-1

[Event "Gibraltar Masters"]
[Site "Caleta ENG"]
[Date "2011.01.29"]
[Round "5.103"]
[White "Garcia De Lomas Guerrero, Carlos"]
[Black "Kympergr, Vojtech"]
[Result "1-0"]
[WhiteElo "1940"]
[BlackElo "1631"]
[WhiteFideId "2245876"]
[BlackFideId "326887"]
[EventDate "2011.01.25"]
[EventType "swiss"]

1. e4 e5 2. Nf3 Nc6 3. d4 exd4 4. Nxd4 Nxd4 5. Qxd4 Qf6 6. e5 Qb6 7. Qxb6 axb6
8. Nc3 Bb4 9. Bd2 Ne7 10. Bc4 O-O 11. O-O Nc6 12. Rfe1 Nd4 13. Bd3 Ne6 14. g3
Nd4 15. Kg2 d6 16. a3 Bxc3 17. Bxc3 dxe5 18. Rxe5 Ne6 19. f4 Nc5 20. Be2 Bd7 21.
Bf3 Bc6 22. Bxc6 bxc6 23. Re7 Ne6 24. f5 Nc5 25. Rxc7 Rfc8 26. Re7 Re8 27. Rae1
Rxe7 28. Rxe7 Rc8 29. Bd4 Na4 30. b3 c5 31. Be5 Kf8 32. Bd6 Rc6 33. Re6+ Rxd6
34. Rxd6 Ke7 35. Rd3 Nb2 36. Rd2 c4 37. Kf3 c3 38. Rd5 Kf6 39. Ke2 1-0

[Event "Gibraltar Masters"]
[Site "Caleta ENG"]
[Date "2011.01.29"]
[Round "5.105"]
[White "Berggren, Klas"]
[Black "Moreno Cervera, Jose Luis"]
[Result "0-1"]
[WhiteElo "1463"]
[BlackElo "1903"]
[WhiteFideId "1715089"]
[BlackFideId "2274213"]
[EventDate "2011.01.25"]
[EventType "swiss"]

1. d4 d5 2. Bf4 Nf6 3. e3 c6 4. c3 g6 5. h3 Bg7 6. Nf3 O-O 7. Be2 Ne4 8. O-O Nd6
9. Nbd2 b6 10. Rc1 Ba6 11. c4 f6 12. Re1 Qd7 13. cxd5 Bxe2 14. Rxe2 cxd5 15. Qb3
e6 16. e4 Ne8 17. exd5 exd5 18. Ne4 Nc6 19. Nc3 Rd8 20. Rce1 Na5 21. Qb4 Kh8 22.
Re7 Qf5 23. Bg3 Nc6 24. Nh4 Nxb4 25. Nxf5 gxf5 26. Rxa7 Nc6 27. Rb7 Kg8 28. Rxb6
Nxd4 29. Re7 Rf7 30. Re3 Bh6 31. Rd3 f4 32. Bh2 Re7 33. Kh1 Re1+ 34. Bg1 Ne2 35.
Nxe2 Rxe2 36. g3 Re1 37. Rf3 d4 38. Rd3 fxg3 39. Rxg3+ Kh8 40. Rd3 Bf4 41. Kg2
Be5 42. f4 Bxf4 43. Bxd4 Be5 44. Re6 Kg8 45. Re7 Ng7 46. Rb3 Rxd4 47. Rbb7 Rd2+
48. Kf3 Rg1 49. Ra7 Rg3+ 50. Ke4 Rd4# 0-1

[Event "Gibraltar Masters"]
[Site "Caleta ENG"]
[Date "2011.01.29"]
[Round "5.107"]
[White "Matto, Manuel"]
[Black "Wright, Jonathan ENG"]
[Result "1/2-1/2"]
[WhiteElo "1838"]
[BlackElo "1895"]
[WhiteFideId "413062"]
[BlackFideId "418331"]
[EventDate "2011.01.25"]
[EventType "swiss"]

1. e4 d5 2. exd5 Nf6 3. d4 Nxd5 4. c4 Nf6 5. Nf3 g6 6. Nc3 Bg7 7. Be3 O-O 8. h3
b6 9. Qc2 Bf5 10. Bd3 Bxd3 11. Qxd3 c5 12. d5 Ne8 13. O-O e5 14. Ng5 h6 15. Nge4
Kh7 16. f4 f5 17. Nf2 Nd7 18. Qd2 Nd6 19. b3 e4 20. Rac1 Qe7 21. a4 Nf6 22. Nh1
Rad8 23. Nb5 Nxb5 24. axb5 Ne8 25. Rcd1 Nd6 26. Qe2 Bc3 27. Qc2 Qg7 28. Ng3 Bd4
29. Qf2 Bf6 30. Kh2 Bh4 31. Qd2 Bf6 32. Ne2 g5 33. fxg5 hxg5 34. g3 Rg8 35. Rg1
Be5 36. Kh1 Qh6 37. Rg2 Rdf8 38. Rf1 1/2-1/2

[Event "Gibraltar Masters"]
[Site "Caleta ENG"]
[Date "2011.01.29"]
[Round "5.109"]
[White "Veiga Rodriguez, Pablo"]
[Black "Rough, Robert E"]
[Result "0-1"]
[WhiteElo "1528"]
[BlackElo "1742"]
[WhiteFideId "32016050"]
[BlackFideId "2403030"]
[EventDate "2011.01.25"]
[EventType "swiss"]

1. d4 Nf6 2. Nf3 e6 3. c4 d5 4. e3 Be7 5. Nc3 O-O 6. cxd5 exd5 7. Bd3 c6 8. O-O
Nbd7 9. Qc2 Re8 10. h3 Nf8 11. Ne5 Bd6 12. f4 Qe7 13. Qe2 a6 14. Qf3 N6d7 15.
Ng4 Nb6 16. a3 f6 17. h4 Qf7 18. Nh2 f5 19. Kh1 Nfd7 20. Rg1 Nf6 21. Qf1 Kh8 22.
Be2 Ng4 23. Nd1 Be7 24. Bxg4 fxg4 25. g3 Bf5 26. Nf2 h5 27. Qe2 Bd6 28. Qd2 Nc4
29. Qc3 Re7 30. b3 Nb6 31. Nf1 Rc8 32. b4 Nc4 33. Nd1 Rce8 34. Kh2 Re6 35. Nb2
b5 36. Nxc4 bxc4 37. Rg2 Qc7 38. Raa2 Be7 39. a4 Rb8 40. Ba3 Qd8 41. Kg1 Bd3 42.
Qd2 Qe8 43. Qe1 Bd6 44. Raf2 Qe7 45. f5 Re4 46. Rb2 Bxf1 47. Kxf1 Rxe3 48. Rge2
Re8 49. Rxe3 Qxe3 50. Re2 Qf3+ 51. Qf2 Qh1+ 52. Qg1 Qxg1+ 53. Kxg1 Rxe2 0-1